[Event "Cappelle op 29th"]
[Site "Cappelle la Grande"]
[Date "2013.02.28"]
[Round "7"]
[White "Lecoeur, Boris"]
[Black "Boizante, Yvain"]
[Result "0-1"]
[WhiteElo "1667"]
[BlackElo "2203"]
[PlyCount "45"]
[EventDate "2013.02.23"]
[EventType "swiss"]
[EventRounds "9"]
[EventCountry "FRA"]
[SourceTitle "CBM 153 Extra"]
[Source "ChessBase"]
[SourceDate "2013.04.22"]
[SourceVersion "1"]
[SourceVersionDate "2013.04.22"]
[SourceQuality "1"]

1. d4 Nf6 2. c4 g6 3. Nc3 Bg7 4. e4 d6 5. h3 0-0 6. Nge2 c5 7. d5 b5 8. cxb5 a6 9. bxa6 Bxa6 10. Ng3 Bxf1 11. Nxf1 Nbd7 12. Ne3 Qa5 13. 0-0 Rfb8 14. Qe2 Ne8 15. Nc4 Qa6 16. Re1 Nc7 17. a4 Rb4 18. Nd2 c4 19. Ndb1 Nc5 20. f4 Nd3 21. Rd1 Nxc1 22. Rxc1 Qb6+ 23. Qf2 0-1

[Event "Le Touquet op-A"]
[Site "Le Touquet"]
[Date "2008.10.27"]
[Round "3"]
[White "Lecoeur, Boris"]
[Black "Aglave, Arnaud"]
[Result "0-1"]
[WhiteElo "1729"]
[BlackElo "2136"]
[PlyCount "116"]
[EventDate "2008.10.25"]
[EventType "swiss"]
[EventRounds "9"]
[EventCountry "FRA"]
[SourceTitle "EXT 2009"]
[Source "ChessBase"]
[SourceDate "2008.11.26"]
[SourceVersion "1"]
[SourceVersionDate "2008.11.26"]
[SourceQuality "1"]

1. d4 Nf6 2. c4 e6 3. Nf3 Bb4+ 4. Bd2 Qe7 5. e3 a5 6. Bd3 d6 7. a3 Bxd2+ 8. Nbxd2 0-0 9. 0-0 e5 10. dxe5 dxe5 11. Qc2 Nbd7 12. Ng5 g6 13. Nge4 Nxe4 14. Nxe4 f5 15. Nd2 a4 16. b3 axb3 17. Nxb3 Nc5 18. Nxc5 Qxc5 19. a4 Bd7 20. Rfd1 Bc6 21. Rf1 Ra5 22. Be2 Rfa8 23. Rfb1 Bxa4 24. Qd3 Bc6 25. Rxa5 Qxa5 26. Qd1 Qc5 27. Bf3 e4 28. Be2 Qe7 29. Qc2 Rd8 30. c5 Qe5 31. Bc4+ Kg7 32. h3 Qxc5 33. Qc3+ Kh6 34. Qf6 Qd6 35. Qb2 Rf8 36. Bb5 Bxb5 37. Qxb5 b6 38. Qb2 Rd8 39. Rc1 c5 40. Rb1 Rb8 41. Qb5 Qd3 42. Rb3 Qxb5 43. Rxb5 Kg7 44. Kf1 Kf6 45. Ke2 Ke6 46. Kd2 Kd6 47. Kc3 Kc6 48. Kc4 Ra8 49. Rb2 Ra4+ 50. Kc3 b5 51. f3 Rc4+ 52. Kd2 Ra4 53. Kc3 b4+ 54. Kb3 Ra3+ 55. Kc2 Kb5 56. Rb1 c4 57. Rd1 Rd3 58. Ra1 b3+ 0-1

[Event "Creon op 11th"]
[Site "Creon"]
[Date "2006.08.02"]
[Round "4"]
[White "Lecoeur, Boris"]
[Black "Sanchez, Nicolas"]
[Result "0-1"]
[WhiteElo "1769"]
[BlackElo "2188"]
[PlyCount "38"]
[EventDate "2006.07.31"]
[EventType "swiss"]
[EventRounds "9"]
[EventCountry "FRA"]
[SourceTitle "CBM 113 Extra"]
[Source "ChessBase"]
[SourceDate "2006.09.14"]
[SourceVersion "1"]
[SourceVersionDate "2006.09.14"]
[SourceQuality "1"]

1. d4 Nf6 2. c4 g6 3. Nc3 Bg7 4. e4 d6 5. Nf3 0-0 6. Be2 Na6 7. 0-0 e5 8. d5 Nc5 9. Nd2 a5 10. b3 Bd7 11. a3 Ne8 12. f3 Bh6 13. Rf2 Be3 14. Nf1 Bxf2+ 15. Kxf2 f5 16. Bd2 fxe4 17. b4 exf3 18. Bxf3 axb4 19. Bh6 Qh4+ 0-1

[Event "Le Touquet op 20th"]
[Site "Le Touquet"]
[Date "2005.10.27"]
[Round "7"]
[White "Lecoeur, Boris"]
[Black "Laurent, Patrick"]
[Result "0-1"]
[WhiteElo "1700"]
[BlackElo "1960"]
[PlyCount "116"]
[EventDate "2005.10.23"]
[EventType "swiss"]
[EventRounds "9"]
[EventCountry "FRA"]
[SourceTitle "EXT 2006"]
[Source "ChessBase"]
[SourceDate "2005.11.24"]
[SourceVersion "1"]
[SourceVersionDate "2005.11.24"]
[SourceQuality "1"]

1. d4 d5 2. c4 c6 3. Nc3 Nf6 4. e3 Bg4 5. Qb3 Qb6 6. Qa4 e6 7. Bd3 Nbd7 8. Nge2 Bh5 9. 0-0 Qc7 10. h3 Nb6 11. Qa5 dxc4 12. Bxc4 Bd6 13. Bd3 Nbd5 14. Qxc7 Bxc7 15. Bd2 0-0 16. Rac1 Nb4 17. Bb1 Nbd5 18. Bd3 Rad8 19. Na4 Nd7 20. Nc5 Nxc5 21. Rxc5 Bb6 22. Rc2 Rfe8 23. a4 e5 24. a5 Bc7 25. dxe5 Nxe3 26. Bxh7+ Kxh7 27. Bxe3 Bxa5 28. Nf4 Rxe5 29. Nxh5 Rxh5 30. Bxa7 Rb5 31. Re2 Rd7 32. Be3 Rbd5 33. Kh2 Bc7+ 34. g3 Be5 35. Rc1 Rb5 36. Rcc2 Rd1 37. Kg2 Bd4 38. Bxd4 Rxd4 39. Kf3 Rdb4 40. Ke3 f5 41. Kf3 Kg6 42. Ke3 c5 43. Kd3 Kf6 44. Kc3 b6 45. Rcd2 Rb3+ 46. Kc4 R5b4+ 47. Kd5 f4 48. gxf4 Rxh3 49. Re4 Rh5+ 50. Re5 Rf5 51. Rxf5+ Kxf5 52. Kc6 Kxf4 53. Kd5 Kf3 54. Kc6 Kg2 55. Rc2 Kf1 56. Kd5 Ke1 57. b3 Rxb3 58. Rc4 Rb4 0-1